000 00590cam a2200229 4500
008 000000n1999 000 0 eng u
020 _a1860813313
035 _a(Sirsi) u103817
050 _a690
110 _aBuilding Research Establishment
245 _aClay bricks and clay brick masonry
260 _aLondon
_bCRC
_c1999
300 _a12p. ; 30cm.
490 _aBRE Digest
_v441, part 2
650 _aBRICKWORK
650 _aMASONRY
650 _aPLASTIC
650 _aCLAY BRICKWORK
650 _aMORTAR
690 _aBUILT ENVIRONMENT-BUILDING MATERIALS
942 _n0
999 _c100165
_d100165